| 000 -LEADER |
| fixed length control field |
01047cam a2200253 i 4500 |
| 003 - CONTROL NUMBER IDENTIFIER |
| control field |
OSt |
| 005 - DATE AND TIME OF LATEST TRANSACTION |
| control field |
20210107161353.0 |
| 008 - FIXED-LENGTH DATA ELEMENTS--GENERAL INFORMATION |
| fixed length control field |
171127s2018 nju b 001 0 eng |
| 010 ## - LIBRARY OF CONGRESS CONTROL NUMBER |
| LC control number |
2017056761 |
| 020 ## - INTERNATIONAL STANDARD BOOK NUMBER |
| International Standard Book Number |
9781119312529 (paperback) |
| 082 00 - DEWEY DECIMAL CLASSIFICATION NUMBER |
| Classification number |
747 |
| Edition number |
23 |
| Item number |
MIT |
| 100 1# - MAIN ENTRY--PERSONAL NAME |
| Personal name |
Mitton, Maureen, |
| Relator term |
author. |
| 245 10 - TITLE STATEMENT |
| Title |
Interior design visual presentation : |
| Remainder of title |
a guide to graphics, models, and presentation methods / |
| Statement of responsibility, etc |
Maureen Mitton. |
| 250 ## - EDITION STATEMENT |
| Edition statement |
FIFTH EDITION. |
| 300 ## - PHYSICAL DESCRIPTION |
| Extent |
198 pages |
| Dimensions |
19 cm |
| 504 ## - BIBLIOGRAPHY, ETC. NOTE |
| Bibliography, etc |
Includes bibliographical references and index. |
| 520 ## - SUMMARY, ETC. |
| Summary, etc |
"A newly updated and comprehensive guide to all aspects of visual design"-- |
| 650 #0 - SUBJECT ADDED ENTRY--TOPICAL TERM |
| Topical term or geographic name as entry element |
Interior decoration rendering. |
| 650 #0 - SUBJECT ADDED ENTRY--TOPICAL TERM |
| Topical term or geographic name as entry element |
Interior decoration |
| General subdivision |
Design. |
| 650 #7 - SUBJECT ADDED ENTRY--TOPICAL TERM |
| Topical term or geographic name as entry element |
ARCHITECTURE / Interior Design / General. |
| Source of heading or term |
bisacsh |
| 776 08 - ADDITIONAL PHYSICAL FORM ENTRY |
| Display text |
Online version: |
| Main entry heading |
Mitton, Maureen, author. |
| Title |
Interior design visual presentation |
| Edition |
Fifth edition. |
| Place, publisher, and date of publication |
Hoboken, NJ : Wiley, 2018 |
| International Standard Book Number |
9781119312536 |
| Record control number |
(DLC) 2017057058 |
| 906 ## - LOCAL DATA ELEMENT F, LDF (RLIN) |
| a |
7 |
| b |
cbc |
| c |
orignew |
| d |
1 |
| e |
ecip |
| f |
20 |
| g |
y-gencatlg |
| 942 ## - ADDED ENTRY ELEMENTS (KOHA) |
| Source of classification or shelving scheme |
|